[Event "Buenos Aires Masters op"]
[Site "Buenos Aires"]
[Date "2024.06.23"]
[Round "9"]
[White "Yossen, Angel Damian"]
[Black "Hurtado, Agustin Leandro"]
[Result "1/2-1/2"]
[WhiteElo "1867"]
[BlackElo "1942"]
[PlyCount "53"]
[EventDate "2024.06.17"]
[EventType "swiss"]
[EventRounds "9"]
[EventCountry "ARG"]
[SourceTitle "EXT 2025"]
[Source "ChessBase"]
[SourceDate "2024.10.14"]
[SourceVersion "1"]
[SourceVersionDate "2024.10.14"]
[SourceQuality "1"]

1. d4 Nf6 2. Nf3 e6 3. e3 b6 4. b3 Bb7 5. Bb2 Be7 6. Bd3 0-0 7. 0-0 d6 8. Nbd2 Nbd7 9. Qe2 c5 10. c4 Qc7 11. Rac1 Rfe8 12. h3 Rad8 13. Rfd1 Qb8 14. Nf1 Bf8 15. Ng3 Qa8 16. e4 cxd4 17. Nxd4 Nc5 18. f3 Nxd3 19. Qxd3 a6 20. Qc3 Qb8 21. Nf1 d5 22. exd5 exd5 23. Nf5 Qf4 24. N1g3 Bc8 25. Qd2 Qxd2 26. Rxd2 Nh5 27. Nh6+ 1/2-1/2

[Event "Corrientes op 2nd"]
[Site "Corrientes"]
[Date "2023.03.25"]
[Round "3"]
[White "Zaldivar, Patricio"]
[Black "Yossen, Angel Damian"]
[Result "1-0"]
[WhiteElo "1869"]
[BlackElo "1613"]
[PlyCount "57"]
[EventDate "2023.03.24"]
[EventType "swiss"]
[EventRounds "6"]
[EventCountry "ARG"]
[SourceTitle "CBM 213 Extra"]
[Source "ChessBase"]
[SourceDate "2023.05.31"]
[SourceVersion "1"]
[SourceVersionDate "2023.05.31"]
[SourceQuality "1"]

1. c4 c5 2. Nf3 Nc6 3. d4 cxd4 4. Nxd4 g6 5. e4 Bg7 6. Be3 Nf6 7. Nc3 d6 8. f3 Bd7 9. Be2 Rc8 10. Qd2 a6 11. 0-0 Ne5 12. b3 0-0 13. Rae1 Qc7 14. g4 b5 15. g5 b4 16. Nb1 Nh5 17. Qxb4 f5 18. gxf6 Bxf6 19. Kh1 Bh4 20. Rd1 Bh3 21. Rg1 Qd7 22. Qd2 Rf7 23. Nc3 Rcf8 24. Bh6 Nxf3 25. Bxf8 Rxf8 26. Nxf3 Rxf3 27. Qd5+ e6 28. Qxh5 Bf2 29. Qxf3 1-0

[Event "San Antonio de Obligado op"]
[Site "San Antonio de Obligado"]
[Date "2022.10.10"]
[Round "5"]
[White "Yossen, Angel Damian"]
[Black "Prado, Mateo Genaro"]
[Result "1-0"]
[WhiteElo "1558"]
[BlackElo "1702"]
[PlyCount "43"]
[EventDate "2022.10.08"]
[EventType "swiss"]
[EventRounds "6"]
[EventCountry "ARG"]
[SourceTitle "CBM 210 Extra"]
[Source "ChessBase"]
[SourceDate "2022.11.30"]
[SourceVersion "1"]
[SourceVersionDate "2022.11.30"]
[SourceQuality "1"]

1. d4 Nf6 2. Nf3 e6 3. e3 d5 4. Bd3 c5 5. c3 Nc6 6. Nbd2 Bd6 7. 0-0 0-0 8. Re1 b6 9. e4 dxe4 10. Nxe4 Be7 11. Ne5 Nxe5 12. dxe5 Nd7 13. Bf4 Bb7 14. Re3 f5 15. exf6 Bxf6 16. Nd6 Bd5 17. Bxh7+ Kh8 18. Qh5 Bg5 19. Bc2+ Bh6 20. Bxh6 Nf6 21. Qg6 Qe7 22. Bf4 1-0

[Event "San Antonio de Obligado op"]
[Site "San Antonio de Obligado"]
[Date "2022.10.09"]
[Round "4"]
[White "Jimenez, Maria Jose"]
[Black "Yossen, Angel Damian"]
[Result "1/2-1/2"]
[WhiteElo "1495"]
[BlackElo "1558"]
[PlyCount "57"]
[EventDate "2022.10.08"]
[EventType "swiss"]
[EventRounds "6"]
[EventCountry "ARG"]
[SourceTitle "CBM 210 Extra"]
[Source "ChessBase"]
[SourceDate "2022.11.30"]
[SourceVersion "1"]
[SourceVersionDate "2022.11.30"]
[SourceQuality "1"]

1. e4 c5 2. Nf3 d6 3. d4 cxd4 4. Nxd4 Nf6 5. Nc3 a6 6. f3 e5 7. Nb3 Be6 8. Bd3 b5 9. Be3 Be7 10. 0-0 0-0 11. f4 Nbd7 12. h3 Nb6 13. Nd2 Rc8 14. Qf3 Nc4 15. Bxc4 Bxc4 16. Nxc4 Rxc4 17. fxe5 dxe5 18. Bg5 b4 19. Bxf6 Bxf6 20. Nd5 Rxc2 21. Nxf6+ Qxf6 22. Qxf6 gxf6 23. Rxf6 Rxb2 24. Rxa6 Re2 25. Rb1 Rxe4 26. Ra4 Rb8 27. a3 Re2 28. axb4 Re4 29. Ra5 1/2-1/2

[Event "Posadas Misionera op"]
[Site "Posadas"]
[Date "2022.08.14"]
[Round "3"]
[White "Maciel, Facundo"]
[Black "Yossen, Angel Damian"]
[Result "1/2-1/2"]
[WhiteElo "1648"]
[BlackElo "1520"]
[PlyCount "101"]
[EventDate "2022.08.13"]
[EventType "swiss"]
[EventRounds "6"]
[EventCountry "ARG"]
[SourceTitle "EXT 2023"]
[Source "ChessBase"]
[SourceDate "2022.10.05"]
[SourceVersion "1"]
[SourceVersionDate "2022.10.05"]
[SourceQuality "1"]

1. e4 c5 2. Nf3 d6 3. Bb5+ Bd7 4. Bxd7+ Qxd7 5. 0-0 Nc6 6. c4 e5 7. Nc3 g6 8. Nd5 Bg7 9. d3 Nge7 10. Bh6 0-0 11. Bxg7 Kxg7 12. Nxe7 Nxe7 13. Nd2 f5 14. f3 f4 15. Rf2 Nc6 16. Rb1 a5 17. Qa4 Qc7 18. Rd1 Nd4 19. Nb1 Qc6 20. Nc3 Qxa4 21. Nxa4 Rfb8 22. Nc3 b5 23. cxb5 Nxb5 24. Nxb5 Rxb5 25. Rdd2 a4 26. Rc2 Rb4 27. Rfd2 Rab8 28. Kf2 Kf6 29. Ke2 Rd4 30. Rc4 Ke6 31. Kd1 Rb4 32. Rxd4 exd4 33. Kc2 h5 34. g3 Ke5 35. Rg2 g5 36. g4 h4 37. h3 Rb7 38. Re2 Ra7 39. Kc1 a3 40. b3 Re7 41. Kd2 Ke6 42. Kd1 Kd7 43. Kd2 Kc6 44. Re1 Kb5 45. Re2 Kc6 46. Re1 Kd7 47. Re2 d5 48. Re1 Re5 49. Re2 Re6 50. Re1 dxe4 51. Rxe4 1/2-1/2

[Event "Posadas Misionera op"]
[Site "Posadas"]
[Date "2022.08.13"]
[Round "1"]
[White "Jimenez, Joaquin Rodrigo"]
[Black "Yossen, Angel Damian"]
[Result "1-0"]
[WhiteElo "2222"]
[BlackElo "1520"]
[PlyCount "53"]
[EventDate "2022.08.13"]
[EventType "swiss"]
[EventRounds "6"]
[EventCountry "ARG"]
[SourceTitle "EXT 2023"]
[Source "ChessBase"]
[SourceDate "2022.10.05"]
[SourceVersion "1"]
[SourceVersionDate "2022.10.05"]
[SourceQuality "1"]

1. Nf3 Nf6 2. c4 e6 3. g3 b6 4. Bg2 Bb7 5. 0-0 Be7 6. d4 c5 7. d5 exd5 8. Nh4 0-0 9. cxd5 d6 10. Nf5 Re8 11. Nc3 Bc8 12. Ne3 Na6 13. Nc4 Bd7 14. a4 Bf8 15. Bf4 Qc7 16. e4 Bg4 17. f3 Bh5 18. g4 Bg6 19. Nb5 Qd7 20. Nbxd6 Bxd6 21. Nxd6 Red8 22. Nc4 h5 23. Ne5 Qe8 24. Nxg6 fxg6 25. g5 Nd7 26. Bh3 Nc7 27. Bxc7 1-0